[Event "Budapest FS10 IM-A"]
[Site "Budapest"]
[Date "1995.??.??"]
[Round "2"]
[White "Mikhailov, V."]
[Black "Reissmann, Wilfried"]
[Result "1-0"]
[WhiteElo "2355"]
[BlackElo "2265"]

1.d4 d5 2.c4 Nc6 3.cxd5 Qxd5 4.Nf3 e5 5.Nc3 Bb4 6.Bd2 Bxc3 7.Bxc3 exd4 8.Nxd4 Nxd4
9.Qxd4 Qxd4 10.Bxd4 f6 11.e4 Be6 12.Bb5+ c6 13.Be2 Ne7 14.O-O O-O 15.Bc5 Rfe8
16.Rfd1 Ng6 17.f3 Red8 18.b3 Rxd1+ 19.Rxd1 Kf7 20.Kf2 Ke8 21.Ke3 b6 22.Bd4 Rd8
23.f4 c5 24.Bc3 Rxd1 25.Bxd1 Bf7 26.Be2 Kd7 27.Bb5+ Kd6 28.g3 Ne7 29.g4 Ng6
30.Be1 Kc7 31.h4 Kb7 32.g5 a6 33.Bf1 b5 34.gxf6 gxf6 35.Bc3 f5 36.Bf6 fxe4
37.Kxe4 Kc6 38.Be2 Kd6 39.f5 Bd5+ 40.Ke3 Ne5 41.Kf4 Nf7 42.Bg7 c4 43.bxc4 bxc4
44.Bc3 Kc5 45.Bf3 Kc6 46.Bh5 Nd6 47.Ke5 Nb5 48.Bb4 Nc7 49.f6 Kb5 50.Bc3 Kc5
51.a4 Kc6 52.f7 Ne6 53.Bf3  1-0

[Event "Budapest FS05 GM"]
[Site "Budapest"]
[Date "1995.??.??"]
[Round "2"]
[White "Lukacs, Peter"]
[Black "Bigaliev, Renat"]
[Result "1/2-1/2"]
[WhiteElo "2490"]
[BlackElo "2345"]

1.d4 d5 2.c4 Nc6 3.Nc3 dxc4 4.Nf3 Nf6 5.e4 Bg4 6.Be3 e6 7.Bxc4 Bb4 8.Qc2 O-O
9.Rd1 Qe7 10.Be2 e5 11.d5 Nd4 12.Bxd4 exd4 13.Rxd4 Rae8 14.O-O Bxc3 15.bxc3 Nxe4
16.Bd1 Bxf3 17.Bxf3 Nc5 18.h3 Qd6 19.Rdd1 Re5 20.Rfe1 Rfe8 21.Rxe5 Rxe5 22.Qd2 Nd7
23.Qd4 b6 24.Qa4 a5 25.Qc6 Re8 26.Qb5 Nf6 27.g3 g6 28.Kg2 Kg7 29.c4 Re7 30.Qb2 Re5
31.Qc3 h5 32.c5 bxc5 33.Qxa5 Nxd5 34.Qd2 c6 35.a4 c4 36.Qd4 c3 37.Qxc3  1/2-1/2

[Event "Budapest FS02 IM-B+"]
[Site "Budapest"]
[Date "1995.??.??"]
[Round "5"]
[White "Thoma, Wilhelm"]
[Black "Zemerov, Vladimir"]
[Result "0-1"]
[WhiteElo "2195"]
[BlackElo "2430"]

1.d4 d5 2.c4 Nc6 3.Nc3 e6 4.Nf3 Bb4 5.e3 Nf6 6.Bd3 O-O 7.Qc2 a6 8.c5 Re8
9.a3 Bxc3+ 10.Qxc3 Ne4 11.Qc2 e5 12.dxe5 Nxe5 13.Nxe5 Rxe5 14.b4 a5 15.Bb2 Re8
16.O-O Qh4 17.Rad1 axb4 18.axb4 Ng5 19.Bf5 c6 20.Rd4 Qh5 21.Bxc8 Raxc8 22.Ra1 Ra8
23.Rxa8 Rxa8 24.b5 Qg6 25.Qxg6 hxg6 26.bxc6 bxc6 27.Rb4 Ne6 28.Rb6 Ra2 29.f3 Nxc5
30.Rxc6 Nd3 31.Rc8+ Kh7 32.Bd4 g5 33.Rd8 Ne1 34.Rxd5 f6 35.h4 gxh4 36.Rh5+ Kg8
37.Rxh4 Rxg2+ 38.Kf1 Nxf3 39.Rf4 Rg1+ 40.Kf2 Nxd4 41.Rxd4 Rg5 42.Kf3 Kf7
43.Rd6 Re5 44.Kf4 g5+ 45.Kf3 Rf5+ 46.Kg3 Kg6 47.e4 Ra5 48.Kf3 Ra3+ 49.Kf2 Kf7
50.Rb6 g4 51.Rb7+ Kg6 52.Rb5 Rf3+ 53.Ke2 Kh6 54.Ra5 Kg6 55.Rb5 Rh3 56.Kf2 Rh5
57.Rb8 Kg5 58.Rf8 Rh2+ 59.Kg3 Rh3+ 60.Kg2 Ra3 61.Kf2 Rf3+ 62.Kg2 Rb3 63.Kf2 Rc3
64.Kg2 Rc4 65.Re8 Kf4 66.Re6 Rc2+ 67.Kf1 Kg5 68.Re8 g3 69.Rg8+ Kf4 70.Rg6 f5
71.exf5 Kf3 72.Ke1 g2 73.f6 Rc5 74.f7 Re5+ 75.Kd2 Rf5 76.Ke1 Rxf7 77.Rg8 Re7+
78.Kd2  0-1

[Event "Budapest FS10 IM-A"]
[Site "Budapest"]
[Date "1995.??.??"]
[Round "8"]
[White "Eperjesi, Laszlo"]
[Black "Reissmann, Wilfried"]
[Result "1-0"]
[WhiteElo "2280"]
[BlackElo "2265"]

1.d4 d5 2.c4 Nc6 3.Nc3 dxc4 4.Nf3 Nf6 5.e4 Bg4 6.Be3 e6 7.Bxc4 Bb4 8.Qc2 O-O
9.Rd1 Qe7 10.Be2 e5 11.d5 Nd4 12.Nxd4 exd4 13.Rxd4 Bxe2 14.Kxe2 Bc5 15.Rc4 Bxe3
16.fxe3 Ng4 17.Nd1 Rac8 18.h3 Ne5 19.Rc3 c5 20.a4 b6 21.Nf2 Rfe8 22.Ra1 Rcd8
23.Kf1 h5 24.a5 Rd6 25.axb6 axb6 26.Rca3 Qg5 27.Ra8 Rxa8 28.Rxa8+ Kh7 29.Qe2 c4
30.Re8 b5 31.h4 Qxh4 32.Rxe5 g6 33.Kg1 Kg7 34.Re8 Ra6 35.Qd1 Qg3 36.e5 Qxe3
37.d6 c3 38.d7 c2 39.Qxc2 Ra1+ 40.Kh2 h4 41.Rg8+ Kh7 42.Rh8+ Kg7 43.Rxh4 Qxe5+
44.g3  1-0

[Event "HUN-ch"]
[Site "Budapest"]
[Date "1995.??.??"]
[Round "10"]
[White "Horvath, Jozsef"]
[Black "Varga, Zoltan"]
[Result "1/2-1/2"]
[WhiteElo "2520"]
[BlackElo "2460"]

1.d4 d5 2.c4 Nc6 3.Nf3 Bg4 4.cxd5 Bxf3 5.gxf3 Qxd5 6.e3 e5 7.Nc3 Bb4 8.a3 Bxc3+
9.bxc3 Qd6 10.Rb1 b6 11.f4 exf4 12.e4 Nge7 13.Qf3 O-O 14.Qxf4 Qe6 15.Rg1  1/2-1/2

[Event "Budapest FS05 GM"]
[Site "Budapest"]
[Date "1995.??.??"]
[Round "11"]
[White "Rogozenko, Dorin"]
[Black "Bigaliev, Renat"]
[Result "1-0"]
[WhiteElo "2440"]
[BlackElo "2345"]

1.d4 d5 2.c4 Nc6 3.Nf3 Bg4 4.Nc3 e6 5.Bg5 Be7 6.Bxe7 Ngxe7 7.e3 O-O 8.Bd3 h6
9.h3 Bxf3 10.Qxf3 Nb4 11.Bb1 dxc4 12.Qxb7 Nbd5 13.Qa6 Nxc3 14.bxc3 Qd5 15.O-O e5
16.a4 exd4 17.exd4 Nc8 18.Re1 Nd6 19.Re5 Qb7 20.Qxb7 Nxb7 21.Be4 Rab8 22.Bxb7 Rxb7
23.Rc5 Re8 24.Kf1 Re6 25.Re1 Rf6 26.g3 c6 27.Rxc4 Rb2 28.Re2 Rb1+ 29.Kg2 Rc1
30.Re8+ Kh7 31.Re3 Kg6 32.h4 Rd6 33.Rc5 Rc2 34.h5+ Kh7 35.Rf3 f6 36.Re3 Rd5
37.Rxc6 Rxd4 38.cxd4 Rxc6 39.d5 Rd6 40.Rd3 g6 41.Kf3 gxh5 42.Ke4 Kg6 43.Kd4 Kf7
44.Re3 Ra6 45.Kc5 Ra5+ 46.Kc6 Rxa4 47.d6 Rc4+ 48.Kd5 Rc2 49.d7 Rd2+ 50.Kc6 Rc2+
51.Kd6 Rd2+ 52.Kc7 Rc2+ 53.Kd8 Rxf2 54.Rc3 Rd2 55.Kc7 h4 56.gxh4 Ke6 57.d8=Q Rxd8
58.Kxd8 Ke5 59.Ke7 f5 60.Kf7 f4 61.Kg6  1-0

[Event "Bytom op"]
[Site "Bytom"]
[Date "1995.??.??"]
[Round "?"]
[White "Orzechowski, Jacek"]
[Black "Masternak, Grzegorz"]
[Result "0-1"]
[WhiteElo "2245"]
[BlackElo "2395"]

1.d4 d5 2.c4 Nc6 3.Nf3 Bg4 4.e3 e5 5.dxe5 dxc4 6.Qxd8+ Rxd8 7.Bxc4 Nxe5 8.Be2 Bxf3
9.gxf3 Nd3+ 10.Bxd3 Rxd3 11.Ke2 Rd7 12.Nc3 Nf6 13.Rg1 g6 14.f4 Bg7 15.Bd2 O-O
16.Rad1 Rfd8 17.Bc1 Kf8 18.Rxd7 Rxd7 19.Rd1 c6 20.Rd3 Ke7 21.f3 Ke6 22.Bd2 b5
23.Rxd7 Nxd7 24.b3 f5 25.Nd1 c5 26.Kd3 Nb6 27.Bc3 Bh6 28.Nb2 Nd5 29.Bd2 Kd6
30.Nd1 Kc6 31.Be1 Bg7 32.Bd2 Bh6 33.Be1 Bf8 34.Bd2 Bd6 35.Be1 Bc7 36.Bd2 a6
37.Be1 Kd6 38.Bd2 Ke6 39.Be1 h6 40.Bd2 Bd6 41.Be1 g5 42.fxg5 hxg5 43.h3 Be5
44.Bd2 Kf6 45.a4 bxa4 46.bxa4 Nb6 47.f4 c4+ 48.Kc2 gxf4 49.exf4 Bd6 50.Nb2 Bb8
51.Kc3 Nd5+ 52.Kxc4 Nxf4 53.h4 Bd6 54.Nd3 Nxd3 55.Kxd3 Kg6 56.Kd4 Bc7 57.Bg5  0-1

[Event "Bytom op"]
[Site "Bytom"]
[Date "1995.??.??"]
[Round "?"]
[White "Radzikowska, Krystyna"]
[Black "Masternak, Aleksander"]
[Result "0-1"]
[WhiteElo "2015"]
[BlackElo "2255"]

1.d4 d5 2.c4 Nc6 3.Nf3 Bg4 4.e3 e5 5.dxe5 dxc4 6.Qxd8+ Rxd8 7.Bxc4 Nxe5 8.Be2 Bxf3
9.Bxf3 Nxf3+ 10.gxf3 Bd6 11.Bd2 Ne7 12.Nc3 f6 13.Ne4 Kf7 14.Bc3 Nd5 15.Nxd6+ Rxd6
16.O-O-O Nxc3 17.bxc3 Rhd8 18.Rxd6 Rxd6 19.Kc2 Rd5 20.Rb1 b6 21.Rg1 Rh5 22.Rg2 g6
23.f4 Ke6 24.f3 Rh3 25.Rf2 Kd6 26.Kd3 Kc5 27.e4 Rh4 28.Ke3 Kc4 29.Rc2 Rh5
30.e5 fxe5 31.fxe5 Rxe5+ 32.Kd2 c5 33.f4 Rd5+ 34.Ke3 Rd3+ 35.Ke4 Rxc3 36.Rg2 Rc1  0-1

[Event "CAN-ch"]
[Site "CAN"]
[Date "1995.??.??"]
[Round "5"]
[White "Stone, Raymond"]
[Black "Johnstone, Glenn"]
[Result "1-0"]
[WhiteElo "2340"]
[BlackElo "2295"]

1.d4 d5 2.c4 Nc6 3.Nc3 dxc4 4.e3 e5 5.d5 Na5 6.Qa4+ c6 7.b4 cxb3 8.axb3 Qb6
9.Bd2 Nxb3 10.dxc6 bxc6 11.Nd5 Qb7 12.Rb1 Nc5 13.Qa1 Qd7 14.Nb6 axb6 15.Qxa8 b5
16.Nf3 Bd6 17.Bb4 f6 18.Be2 Nb7 19.Bxd6 Nxd6 20.Rd1 Qb7 21.Qa3 Nf7 22.O-O Ne7
23.Qc5 O-O 24.Ra1 Nd5 25.Ra7 Qb8 26.Rfa1 Qd6 27.Rc1 Qxc5 28.Rxc5 Nb4 29.Ne1 Nd8
30.Bxb5 Nb7 31.Rc4 Nd6 32.Rxb4 Nxb5 33.Ra1 Rd8 34.Rc4 Bb7 35.Nc2 Nd6 36.Rd1 Kf8
37.Nb4 Nxc4 38.Rxd8+ Ke7 39.Rg8 Kf7 40.Rb8 Nd6 41.Nd3 Bc8 42.Nc5 Ke7 43.Ra8 f5
44.Ra7+ Kf6 45.Rc7 g5 46.Rxc6 Ke7 47.Rc7+ Kf6 48.Rxh7 Nf7 49.f4 Kg6 50.Rh3 g4
51.Rh4 e4 52.Kf2 Kf6 53.h3 gxh3 54.Rxh3 Be6 55.Nxe6 Kxe6 56.g4 fxg4 57.Rh5 Nd6
58.Rc5 Kf6 59.Kg3 Nf5+ 60.Rxf5+ Kxf5 61.Kh4  1-0

[Event "Cappelle op"]
[Site "Cappelle la Grande"]
[Date "1995.??.??"]
[Round "1"]
[White "Verat, Laurent"]
[Black "Atalik, Suat"]
[Result "0-1"]
[WhiteElo "2295"]
[BlackElo "2500"]

1.d4 d5 2.c4 Nc6 3.Nf3 Bg4 4.cxd5 Bxf3 5.gxf3 Qxd5 6.e3 e6 7.Nc3 Qh5 8.f4 Qxd1+
9.Kxd1 O-O-O 10.Ke2 Nf6 11.Bg2 Ne7 12.Bd2 Nf5 13.Rhc1 Kb8 14.a4 h6 15.Nb5 Rd7
16.a5 a6 17.Na3 g5 18.Nc4 gxf4 19.Ne5 Re7 20.Ra3 Rg8 21.Bh1 Nd6 22.Rb3 Nb5
23.Bb4 Re8 24.Nxf7 Nd7 25.Rd1 fxe3 26.fxe3 Bxb4 27.Rxb4 Rg4 28.Kf3 Rg7 29.Ne5 Rf8+
30.Ke4 Nxe5 31.Kxe5 Nd6 32.d5 exd5 33.Bxd5 Rf2 34.h4 Re7+ 35.Kd4 Nf5+ 36.Kc5 c6
37.e4 Ne3 38.Rd3 Nc2 39.Rbb3 cxd5 40.exd5 Rc7+ 41.Kd6 Rff7 42.Rb6 Rfe7 43.Rc3 Rcd7+
44.Kc5 Ne3 45.d6 Re4 46.Rbb3 Nf5 47.Kd5 Nxd6 48.Rd3 Re8  0-1

[Event "Cappelle op"]
[Site "Cappelle la Grande"]
[Date "1995.??.??"]
[Round "2"]
[White "Petraki, Maria"]
[Black "Bouton, Christophe"]
[Result "0-1"]
[WhiteElo "2130"]
[BlackElo "2260"]

1.d4 d5 2.c4 Nc6 3.Nf3 Bg4 4.cxd5 Bxf3 5.dxc6 Bxc6 6.Nc3 e6 7.e4 Bb4 8.f3 f5
9.e5 Ne7 10.Bc4 Nd5 11.Bxd5 Qxd5 12.O-O Qd7 13.Qd3 O-O 14.Rd1 Rfd8 15.Be3 Ba5
16.Rac1 Bb6 17.b4 a6 18.Qc2 a5 19.a3 axb4 20.axb4 Ba4 21.Nxa4 Qxa4 22.Qc4 Qa2
23.Rd2 Qxc4 24.Rxc4 Rd5 25.Kf2 Ra3 26.Rb2 f4 27.Bxf4 Rxd4  0-1

[Event "Cappelle op"]
[Site "Cappelle la Grande"]
[Date "1995.??.??"]
[Round "2"]
[White "Matveeva, Svetlana"]
[Black "Miladinovic, Igor"]
[Result "1/2-1/2"]
[WhiteElo "2430"]
[BlackElo "2535"]

1.d4 d5 2.c4 Nc6 3.Nf3 Bg4 4.Nc3 e6 5.cxd5 exd5 6.Bg5 Be7 7.Bxe7 Ngxe7 8.e3 O-O
9.Be2 Nc8 10.O-O Nb6 11.Rb1 a5 12.Ne1 Bxe2 13.Qxe2 Re8 14.Qh5 g6 15.Qh6 Ne7
16.Nf3 Nf5 17.Qf4 Qd6 18.Qxd6 Nxd6 19.Ne5 c6 20.Rfc1 f6 21.Nd3 Re7 22.Nc5 Nbc4
23.b3 Na3  1/2-1/2

[Event "Cappelle op"]
[Site "Cappelle la Grande"]
[Date "1995.??.??"]
[Round "2"]
[White "Bern, Ivar"]
[Black "Mevel, Alberic"]
[Result "1/2-1/2"]
[WhiteElo "2360"]
[BlackElo "2195"]

1.d4 d5 2.c4 Nc6 3.Nc3 dxc4 4.d5 Na5 5.e4 c6 6.Bf4 Bd7 7.Nf3 e6 8.dxc6 Nxc6
9.Bxc4 Bb4 10.O-O Bxc3 11.bxc3 Nge7 12.Qe2 O-O 13.Rfd1 Qc8 14.Rd6 Ng6 15.Bg3 Na5
16.Bd3 Qxc3 17.Rb1 Bc6 18.h4 e5 19.Rxg6 hxg6 20.Bxe5 Qc5 21.Bd4 Qe7 22.Bc3 b6
23.h5 gxh5 24.Nd4 Qc5 25.Nf5 g6 26.Bd4 Qa3 27.Qd2 f6 28.Qh6 gxf5 29.Qg6+ Kh8
30.Qh6+ Kg8 31.Qg6+ Kh8 32.Qh6+  1/2-1/2

[Event "Cappelle op"]
[Site "Cappelle la Grande"]
[Date "1995.??.??"]
[Round "5"]
[White "Nalbandian, Tigran"]
[Black "Mevel, Alberic"]
[Result "1-0"]
[WhiteElo "2430"]
[BlackElo "2195"]

1.d4 d5 2.c4 Nc6 3.Nc3 dxc4 4.e3 e5 5.d5 Na5 6.Nf3 Bd6 7.Be2 Ne7 8.Qa4+ c6
9.Ne4 b6 10.dxc6 O-O 11.O-O Bc7 12.Rd1 Qe8 13.b4 Naxc6 14.b5 Na5 15.Ba3 Bb7
16.Nd6 Bxd6 17.Bxd6 f6 18.Bb4 a6 19.Qa3 Rf7 20.bxa6 Bxa6 21.Bxa5 Bb5 22.Qd6 bxa5
23.Rab1 Kh8 24.h3 Ng6 25.Qc5 Ba6 26.Qd6 Rf8 27.Ne1 a4 28.Nc2 Bc8 29.Bxc4 Bf5
30.Ba6 Qe7 31.Rb7 Qe8 32.Bb5 Ra5 33.Na3 Qc8 34.Rc7 Qa8 35.Nc4 Nh4 36.Rc6 Re8
37.Qd5 Be4 38.Ra6 Qxd5 39.Rxd5 Bxd5 40.f3 Rb8 41.Rb6 Raa8 42.e4 Bg8 43.a3 Ng6
44.Nd6 h5 45.Nf5  1-0

[Event "Cappelle op"]
[Site "Cappelle la Grande"]
[Date "1995.??.??"]
[Round "5"]
[White "Hebden, Mark"]
[Black "Notkin, Maksim"]
[Result "1-0"]
[WhiteElo "2550"]
[BlackElo "2485"]

1.d4 d5 2.c4 Nc6 3.Nf3 Bg4 4.Nc3 Bxf3 5.exf3 dxc4 6.d5 Ne5 7.Bf4 Ng6 8.Bxc4 Nf6
9.Bg3 a6 10.O-O Nd7 11.Re1 Nb6 12.Bb3 Qd7 13.Rc1 f5 14.Bxc7 Qxc7 15.d6 Qd7
16.Qd4 Nc8 17.Be6 Qxd6 18.Nd5 Nf4 19.Nc7+ Kd8 20.Nxa8 Nxe6 21.Qc4 Qc6 22.Qd3+ Qd6
23.Qxf5 g6 24.Qa5+ Kd7 25.Red1 Nd4 26.Qc7+ Qxc7 27.Rxc7+ Ke6 28.Rxd4 Nd6
29.Rd2 Nb5 30.Rc8 Nd6 31.Re2+ Kf6 32.Rc7 Nb5 33.Rxb7 Bh6 34.Nb6  1-0

[Event "Cappelle op"]
[Site "Cappelle la Grande"]
[Date "1995.??.??"]
[Round "7"]
[White "Sturua, Zurab"]
[Black "Bouton, Christophe"]
[Result "1/2-1/2"]
[WhiteElo "2550"]
[BlackElo "2260"]

1.d4 d5 2.c4 Nc6 3.Nf3 Bg4 4.cxd5 Bxf3 5.gxf3 Qxd5 6.e3 e6 7.Nc3 Qh5 8.Bd2 Bd6
9.f4 Qxd1+ 10.Rxd1 Nge7 11.Bg2 O-O-O 12.Ke2 h6 13.Rc1 g5 14.fxg5 hxg5 15.h3 Rdg8
16.Ne4 f5 17.Nc5 Bxc5 18.Rxc5 Rd8 19.Rg1 Rhg8 20.Rcc1 Nd5 21.Bf3 Rd7 22.Rg3 Rdg7
23.Rcg1 Nf6 24.Bc3 Rg6 25.Kd3 Ne7 26.Bb4 Ned5 27.Bd2 Rh8 28.Rxg5 Rxg5 29.Rxg5 Rxh3
30.Ke2 Rh7 31.Rg6 Kd7 32.Rg1 Ne8 33.e4 fxe4 34.Bxe4 Rg7 35.Rg3 c6 36.Bg6 Nef6
37.Bh6 Rg8 38.Bd3 Rg4 39.Rxg4 Nxg4 40.Bd2 Ngf6 41.Kf3 Kd6 42.Bh6 Nd7 43.Bg7 Nc7
44.Kf4 Nd5+  1/2-1/2

[Event "ESP-chT"]
[Site "Cordoba"]
[Date "1995.??.??"]
[Round "9"]
[White "Paramos Dominguez, Roberto"]
[Black "Mellado Trivino, Juan"]
[Result "1-0"]
[WhiteElo "2375"]
[BlackElo "2460"]

1.d4 d5 2.c4 Nc6 3.Nf3 Bg4 4.e3 e5 5.dxe5 dxc4 6.Qa4 Bxf3 7.gxf3 Qd5 8.Be2 Bb4+
9.Nc3 Qxe5 10.Bd2 Ne7 11.a3 b5 12.Qa6 Ba5 13.f4 Qf6 14.Qxb5 Rb8 15.Qg5 Qxg5
16.fxg5 Rxb2 17.Ne4 O-O 18.Bxc4 Bxd2+ 19.Nxd2 Na5 20.Ba2 c5 21.Nc4 Nxc4 22.Bxc4 Nc6
23.O-O Ne5 24.Bd5 Rd8 25.Rfd1 Kf8 26.h3 Rc2 27.Be4 Rxd1+ 28.Rxd1 Rc3 29.Rd5 f6
30.gxf6 gxf6 31.Bxh7 Ke7 32.Bf5 a5 33.a4 Rc4 34.f4 Nf3+ 35.Kf2 Nh4 36.Bh7 Kf7
37.Kg3 Ng6 38.Rd7+ Ke8 39.Ra7 Nf8 40.Bd3 Rc3 41.Bb5+ Kd8 42.Kg4 Ne6 43.Rd7+ Kc8
44.Rd3 Rxd3 45.Bxd3 Kd8 46.h4  1-0

[Event "Coria op"]
[Site "Coria"]
[Date "1995.??.??"]
[Round "4"]
[White "Calvo, Jesus Maria"]
[Black "Eslon, Jaan"]
[Result "1/2-1/2"]
[WhiteElo "2315"]
[BlackElo "2420"]

1.d4 d5 2.c4 Nc6 3.Nf3 Bg4 4.Nc3 Nf6 5.cxd5 Nxd5 6.e4 Nxc3 7.bxc3 e5 8.Bb5 exd4
9.Qa4 Bd7 10.Nxd4 Ne5 11.Bxd7+ Qxd7 12.Qxd7+ Kxd7 13.O-O Re8 14.Rd1 Kc8 15.Bf4 a6
16.f3 Bd6 17.Bg3 Nc4 18.Bxd6 Nxd6 19.Kf2 Re5 20.Ne2 Rhe8 21.Rd5 Rxd5 22.exd5 Nc4
23.Rd1 b5 24.Rd4 Nb6 25.Ng3 Re5 26.d6 cxd6 27.Rxd6 Kc7 28.Rd4 f5 29.Nh5 g6
30.Nf4 a5 31.h4 Kc6 32.g4 fxg4 33.fxg4 Rc5 34.Ne2 Nd5 35.Rd3 b4 36.Nd4+ Kd6
37.cxb4 Nxb4 38.Rd2 Rd5 39.Ke3 Re5+ 40.Kf3 Nd5 41.Ne2 Ke6 42.Nf4+ Nxf4 43.Kxf4 h6
44.Rd4  1/2-1/2

[Event "CZE-chT1c 9495"]
[Site "?"]
[Date "1995.??.??"]
[Round "11"]
[White "Pastor, Karel Jr"]
[Black "Chytilek, Roman"]
[Result "1-0"]
[WhiteElo "2260"]
[BlackElo "2315"]

1.d4 d5 2.c4 Nc6 3.Nf3 Bg4 4.cxd5 Bxf3 5.dxc6 Bxc6 6.Nc3 e6 7.e4 Bb4 8.f3 f5
9.exf5 exf5 10.Bf4 Qe7+ 11.Qe2 O-O-O 12.Qxe7 Nxe7 13.O-O-O Nd5 14.Nxd5 Bxd5
15.a3 Ba5 16.b4 Bb6 17.Be5 Rhg8 18.Kb2 g5 19.Bd3 Rdf8 20.Rhf1 h5 21.Kc3 Kd7
22.g4 fxg4 23.fxg4 Bf3 24.gxh5 Bxh5 25.Rde1 Rxf1 26.Rxf1 Bg4 27.Bh7 Re8 28.Rf7+ Re7
29.Bf5+ Bxf5 30.Rxf5 g4 31.Rg5 Rf7 32.Kc4 c6 33.Rxg4 Bc7 34.Bxc7 Kxc7 35.a4 Rh7
36.h4 Kd6 37.a5 Ke6 38.a6 b6 39.Rg8 Kd6 40.Rg6+ Kc7 41.b5 cxb5+ 42.Kxb5 Rh5+
43.Rg5 Rxh4 44.Rg7+ Kd6 45.Rxa7 Rh1 46.Kxb6 Rb1+ 47.Ka5 Kc6 48.Rh7 Ra1+ 49.Kb4 Rb1+
50.Kc3 Ra1 51.a7 Kd5 52.Kb4 Kc6 53.d5+ Kxd5 54.Kb5 Kd6 55.Kb6 Rb1+ 56.Ka6 Ra1+
57.Kb7 Rb1+ 58.Kc8  1-0

[Event "Elenite"]
[Site "Elenite"]
[Date "1995.??.??"]
[Round "5"]
[White "Gulko, Boris F"]
[Black "Miladinovic, Igor"]
[Result "1/2-1/2"]
[WhiteElo "2620"]
[BlackElo "2555"]

1.d4 d5 2.c4 Nc6 3.Nc3 dxc4 4.Nf3 Nf6 5.e4 Bg4 6.Be3 e6 7.Bxc4 Bb4 8.e5 Nd5
9.Qd3 Na5 10.Bg5 Qd7 11.Bxd5 Qxd5 12.O-O Bxc3 13.bxc3 f6 14.exf6 Bxf3 15.Qxf3 Qxg5
16.Rfe1 Nc6 17.fxg7 Qxg7 18.Rxe6+ Kd8 19.Rae1 Rf8 20.Qd5+ Qd7 21.Qe4 Kc8
22.f3 a5 23.d5 Nd8 24.Re7 Qd6 25.Rxh7 Ra6 26.Kh1 Rb6 27.h4 Rg8 28.Qe5 Qc5
29.d6 Qxd6 30.Qxd6 Rxd6 31.h5 Ne6 32.Re7 Nf4 33.g4 Kd8 34.Rf7 Ne6 35.Kh2 Ng5
36.Rf5 Rd3 37.Kg3 Rxc3 38.h6 Rc6 39.Rd5+ Rd6 40.Rxd6+ cxd6 41.Rb1 Nf7 42.h7 Rh8
43.Rxb7 Rxh7 44.Ra7 Ke8 45.f4 Rh1 46.Rxa5 Rg1+  1/2-1/2

[Event "Enghien les Bains"]
[Site "Enghien les Bains"]
[Date "1995.??.??"]
[Round "5"]
[White "Bacrot, Etienne"]
[Black "Mellado Trivino, Juan"]
[Result "1-0"]
[WhiteElo "2395"]
[BlackElo "2460"]

1.d4 d5 2.c4 Nc6 3.e3 e5 4.dxe5 d4 5.a3 a5 6.Nf3 Bc5 7.exd4 Nxd4 8.Be2 Bf5
9.Nxd4 Qxd4 10.Qxd4 Bxd4 11.f4 f6 12.Nd2 fxe5 13.Nf3 Ne7 14.Nxd4 exd4 15.Bf3 O-O-O
16.Bd2 Nc6 17.Bxc6 bxc6 18.Bxa5 Rhe8+ 19.Kd2 Re3 20.Rae1 Rde8 21.Rxe3 dxe3+
22.Kc3 Be4 23.Rg1 c5 24.b3 g6 25.Kb2 e2 26.Bc3 Rd8 27.Re1 Bxg2 28.Rxe2 Bh3
29.Re5 Rd1 30.Rxc5 Kb7 31.Re5 Rf1 32.a4 Rf2+ 33.Ka3 Rxh2 34.Re7 Bf5 35.Be5 h5
36.Rxc7+ Ka8 37.c5 h4 38.Rh7 h3 39.Kb4 Rd2 40.Kb5 h2 41.Kb6  1-0

[Event "Catalunya-chT"]
[Site "ESP"]
[Date "1995.??.??"]
[Round "?"]
[White "Gomez Jurado, Luis Alberto"]
[Black "Narciso Dublan, Marc"]
[Result "1-0"]
[WhiteElo "2280"]
[BlackElo "2375"]

1.d4 d5 2.c4 Nc6 3.Nc3 dxc4 4.Nf3 Nf6 5.e4 Bg4 6.Be3 e6 7.Bxc4 Bb4 8.Qc2 O-O
9.Rd1 Qe7 10.O-O e5 11.d5 Nd4 12.Bxd4 exd4 13.Rxd4 Bxf3 14.gxf3 Bd6 15.Ne2 Qe5
16.f4 Qh5 17.Ng3 Qh3 18.Be2 Bxf4 19.Bf3 Rfe8 20.Rfd1 Ng4 21.Bxg4 Qxg4 22.Qe2 Qd7
23.Qf3 Be5 24.Rc4 g6 25.b3 Re7 26.Rdc1 Rae8 27.Kg2 h5 28.h3 b5 29.Rc6 Bxg3
30.Qxg3 Rxe4 31.Rxc7 Qxd5 32.R1c5 Qa8 33.Qf3 Re2 34.R5c6 R2e7 35.Rxe7 Rxe7
36.Rxg6+ fxg6 37.Qxa8+ Kg7 38.Qd5 a6 39.Qd6 Rf7 40.Qxa6  1-0

[Event "Catalunya-chT"]
[Site "ESP"]
[Date "1995.??.??"]
[Round "?"]
[White "Picanol, Antonio"]
[Black "Ferron Garcia, Carlos"]
[Result "1-0"]
[WhiteElo "2250"]
[BlackElo "2290"]

1.d4 d5 2.c4 Nc6 3.Bf4 e5 4.Bxe5 Nxe5 5.dxe5 d4 6.Nf3 Bc5 7.g3 Ne7 8.Bg2 O-O
9.O-O Nc6 10.Nbd2 Qe7 11.Nb3 Rd8 12.Ne1 Nxe5 13.Nd3 Nxd3 14.exd3 c6 15.Qh5 Bb6
16.Rfe1 Qf8 17.Re2 g6 18.Qh4 Bf5 19.Be4 Bxe4 20.Rxe4 Re8 21.Rae1 Rxe4 22.Qxe4 f5
23.Qe5 c5 24.a4 Rc8 25.a5 Bc7 26.Qe6+ Kg7 27.Nxc5 Bxa5 28.Qe5+ Qf6 29.Ne6+ Kf7
30.Qxa5 Re8 31.Qc7+ Re7 32.Nd8+ Ke8 33.Rxe7+ Qxe7 34.Qxe7+ Kxe7 35.Nxb7  1-0

[Event "Eupen op rapid"]
[Site "Eupen"]
[Date "1995.??.??"]
[Round "6"]
[White "Duesterwald, Marc"]
[Black "Baumhus, Reinhard"]
[Result "0-1"]
[WhiteElo "2250"]
[BlackElo "2365"]

1.d4 d5 2.c4 Nc6 3.Nc3 dxc4 4.Nf3 Nf6 5.e3 e5 6.d5 Ne7 7.Bxc4 Ng6 8.Qa4+ Bd7
9.Qb3 Bd6 10.Qxb7 Rb8 11.Qxa7 O-O 12.Bb3 Ra8 13.Qb7 Qe7  0-1

[Event "Eupen op rapid"]
[Site "Eupen"]
[Date "1995.??.??"]
[Round "7"]
[White "Raetsky, Alexander"]
[Black "Boey, Josef"]
[Result "1-0"]
[WhiteElo "2510"]
[BlackElo "2295"]

1.d4 d5 2.c4 Nc6 3.Nf3 Bg4 4.cxd5 Bxf3 5.dxc6 Bxc6 6.Nc3 Nf6 7.f3 e5 8.dxe5 Nd7
9.e4 Bb4 10.Be3 Qh4+ 11.Bf2 Qe7 12.Qc2 Qxe5 13.O-O-O Bxc3 14.Qxc3 Qxc3+ 15.bxc3 O-O-O
16.Be2 f6 17.Rd4 Nb6 18.Rhd1 Rxd4 19.cxd4 Rd8 20.g4 Be8 21.Rd2 Bf7 22.Rc2 c6
23.Kd2 Rd7 24.h4 Kd8 25.Ke3 Re7 26.Kf4 g6 27.Bf1 h6 28.g5 fxg5+ 29.hxg5 h5
30.Bd3 Be6 31.Kg3 Rf7 32.Be2 Re7 33.Kh4 Ke8 34.Bg3 Rf7 35.Be5 Nd7 36.Bd6 Nf8
37.f4 Kd7 38.Be5 Ke8 39.f5  1-0

[Event "FIN-chT"]
[Site "FIN"]
[Date "1995.??.??"]
[Round "?"]
[White "Hakulinen, Esko Matti"]
[Black "Lampen, Timo"]
[Result "0-1"]
[WhiteElo "2315"]
[BlackElo "2210"]

1.d4 d5 2.c4 Nc6 3.Nc3 e5 4.cxd5 Nxd4 5.e3 Nf5 6.Nf3 Bd6 7.Qc2 Nfe7 8.e4 Nf6
9.h3 O-O 10.Be3 a6 11.O-O-O b5 12.Nh4 c6 13.dxc6 Nxc6 14.Qd2 Nd4 15.Bxd4 exd4
16.Qxd4 Bf4+ 17.Kc2 Qc7 18.Kb1 Be5 19.Qe3 b4 20.Nd5 Nxd5 21.exd5 Bf6 22.g3 Bd7
23.d6 Qa5 24.Bc4 Rac8 25.Bb3 Qd8 26.Qd3 a5 27.Nf5 a4 28.Ne7+ Kh8 29.Bc2 Rxc2
30.Qxc2 b3 31.axb3 axb3 32.Qxb3 Qa8 33.Rd5 Rb8 34.Qc2 Bxe7 35.dxe7 Qxd5 36.Qc7 Qxh1+
37.Kc2 Qc6+  0-1

[Event "Foment op"]
[Site "Foment"]
[Date "1995.??.??"]
[Round "6"]
[White "Gonzalez Velez, Fermin"]
[Black "Bosch, David"]
[Result "1-0"]
[WhiteElo "2405"]
[BlackElo "2170"]

1.d4 d5 2.c4 Nc6 3.cxd5 Qxd5 4.e3 e5 5.Nc3 Bb4 6.Bd2 Bxc3 7.bxc3 Qd6 8.Bd3 Nge7
9.Ne2 O-O 10.O-O f5 11.f4 e4 12.Bc4+ Kh8 13.Bb3 Na5 14.c4 Nxb3 15.Qxb3 a5
16.Nc3 Bd7 17.a4 b6 18.Rf2 Rab8 19.Rb1 h6 20.Bc1 Rg8 21.Ba3 Qe6 22.d5 Qf7
23.Qd1 Rbd8 24.Qd4 Nc8 25.Qe5 c5 26.Qc7 Qf6 27.Bb2 Qd6 28.Qb7 Rde8 29.Nb5 Bxb5
30.axb5 Re7 31.Qc6 Rc7 32.Qxd6 Nxd6 33.Be5 Rd7 34.Rc1 Re8 35.g4 fxg4 36.Rg2 h5
37.h3 Nf7 38.hxg4 Nxe5 39.fxe5 Rxe5 40.g5 g6 41.Rf1 Rf5 42.Rxf5 gxf5 43.Rf2 Rf7
44.Kg2 Kg7 45.Kg3 a4 46.Kf4 a3 47.Ra2  1-0

[Event "Frydek-Mistek op"]
[Site "Frydek-Mistek"]
[Date "1995.??.??"]
[Round "?"]
[White "Pastor, Karel"]
[Black "Pinkas, Karol"]
[Result "0-1"]
[WhiteElo "2260"]
[BlackElo "2370"]

1.d4 d5 2.c4 Nc6 3.Nf3 Bg4 4.cxd5 Bxf3 5.gxf3 Qxd5 6.e3 e5 7.Nc3 Bb4 8.Bd2 Bxc3
9.bxc3 Qd6 10.Bg2 Nge7 11.f4 exf4 12.e4 O-O 13.Qf3 Ng6 14.h4 Rad8 15.h5 Nge5
16.Qe2 Nxd4 17.cxd4 Qxd4 18.Rd1 Nd3+ 19.Kf1 Nb2  0-1

[Event "Gausdal Int"]
[Site "Gausdal"]
[Date "1995.??.??"]
[Round "6"]
[White "Edvardsson, Kristjan"]
[Black "Reefschlaeger, Helmut"]
[Result "0-1"]
[WhiteElo "2115"]
[BlackElo "2375"]

1.d4 d5 2.c4 Nc6 3.Nc3 e5 4.cxd5 Nxd4 5.e3 Nf5 6.Nf3 Bd6 7.Bb5+ Kf8 8.e4 Nfe7
9.h3 Ng6 10.Qe2 a6 11.Bd3 Nf6 12.Bd2 Nd7 13.O-O h6 14.Rfc1 Nf6 15.Nh2 Bd7
16.a4 Qe7 17.a5 Re8 18.Qd1 Bc8 19.Bf1 Nf4 20.Qf3 Nh7 21.Bxf4 exf4 22.Re1 Ng5
23.Qd3 f6 24.Nf3 Nxf3+ 25.Qxf3 Qe5 26.Na4 h5 27.Qc3 g5 28.Rac1 g4 29.h4 g3
30.Qf3 Rg8 31.Nc5 gxf2+ 32.Qxf2 f3 33.Qxf3 Qh2+ 34.Kf2 Qxh4+ 35.g3 Rxg3  0-1

[Event "Peer Gynt"]
[Site "Gausdal"]
[Date "1995.??.??"]
[Round "6"]
[White "Van Esch, Sebastian"]
[Black "Reefschlaeger, Helmut"]
[Result "1/2-1/2"]
[WhiteElo "2135"]
[BlackElo "2375"]

1.d4 d5 2.c4 Nc6 3.Nc3 e5 4.e3 exd4 5.exd4 Bb4 6.a3 Bxc3+ 7.bxc3 Nge7 8.Nf3 O-O
9.Be2 dxc4 10.Bxc4 Na5 11.Be2 Be6 12.O-O Bc4 13.Bxc4 Nxc4 14.Qd3 Qd5 15.Ng5 Ng6
16.h4 h6 17.h5 hxg5 18.hxg6 fxg6 19.Bxg5 Rf5 20.Bh4 Raf8 21.Rfe1 b5 22.Re7 Qd6
23.Re4 g5 24.Bg3 Qd7 25.Qe2 R5f7 26.Qg4 Qxg4 27.Rxg4 Rf5 28.a4 a6 29.axb5 axb5
30.Ra7 c6 31.Bh4 Rf4 32.Rxf4 gxf4 33.Rc7 Rf5 34.Rxc6 f3 35.Be7 Kf7 36.Rc5 Rf4
37.Bd8 Rg4 38.Rg5 Rxg5 39.Bxg5 fxg2 40.Kxg2 Kg6 41.Bc1 Kf5 42.Kf3 Nb6 43.Ke3 g5
44.Kd3 g4 45.Bh6 Nd5 46.Bd2 Nb6 47.Bc1 Nd5 48.c4 Nb4+ 49.Kc3 Na2+ 50.Kc2 bxc4
51.Ba3 Ke4 52.d5 Kxd5 53.Kb2 Kd4 54.Kxa2 Kd3 55.Kb2  1/2-1/2